LEADER 01817nam a2200277 i 4500 001 000000365648 003 CaOOAMICUS 005 20251210100000.0 008 251210s2025 it u000 u mul u 020 $a978-88-922492-1-9 040 $aSeMil$bita 240 10$aBibbia. Antico Testamento. Esdra.$0(OLS)http://semarc/title/457278 245 10$aEsdra, Neemia :$bebraico e aramaico, greco, latino, italiano : testo ebraico e aramaico della Biblia Hebraica Stuttgartensia, traduzione interlineare italiana di Claudio Balzaretti, testo greco dei Settanta a cura di Rahlfs-Hanhart, testo latino della Vulgata Clementina, testo italiano della Nuovissima Versione della Bibbia /$ca cura di Claudio Balzaretti. 264 1$aCinisello Balsamo :$bSan Paolo,$c2025. 300 $aXVIII, 205 p. ;$c25 cm 490 1 $aBibbia ebraica interlineare ;$v23 500 $aIn testa al front.: Titolo in caratteri ebraici. 700 1 $aBalzaretti, Claudio,$d<1956- >.$0(OLS)http://semarc/name/37719 730 02$aBibbia. Antico Testamento. Neemia.$0(OLS)http://semarc/title/94586 830 0$aBibbia ebraica interlineare ;$v23.$0(OLS)http://semarc/title/2330 850 $aSeMil 852 $aSeMil$W1$xVenegono$y1$m2XA Z 23$j265246$B256467$CSeMilBibl$Z2$F256467 $81 996 $6020$a978-88-922492-1-9$9(OLS)http://semarc/number/304903 996 $6245$aEsdra, Neemia :$bebraico e aramaico, greco, latino, italiano : testo ebraico e aramaico della Biblia Hebraica Stuttgartensia, traduzione interlineare italiana di Claudio Balzaretti, testo greco dei Settanta a cura di Rahlfs-Hanhart, testo latino della Vulgata Clementina, testo italiano della Nuovissima Versione della Bibbia$9(OLS)http://semarc/title/457279 996 $6264$aCinisello Balsamo :$bSan Paolo$9(OLS)http://semarc/publisher/30129 LEADER 00763nam a2200205 i 4500 001 000000071510 003 CaOOAMICUS 005 20081205000000.0 008 081205s1952 fr u000 u fre u 013 $a42682 040 $aSeMil$bita 100 1 $aLepp, Ignace.$0(OLS)http://semarc/name/9750 245 13$aLa communication des existences /$cIgnace Lepp. 260 $aParis :$bLa Colombe,$c1952. 300 $a188 p. ;$c20 cm. 650 4$aComunicazione - Filosofia.$0(OLS)http://semarc/subject/5015 850 $aSeMil 852 $aSeMil$W1$xVenegono$y1$m2P IV 220$j37663$B37663$CSeMilBibl$Z2$F37666 $81 996 $6245$aLa communication des existences$9(OLS)http://semarc/title/115008 996 $6260$aParis :$bLa Colombe$9(OLS)http://semarc/publisher/33062